Dafne alcanza un sueño / (Registro nro. 12526)

Detalles MARC
000 -LEADER
fixed length control field 00654nam a22001937a 4500
003 - CONTROL NUMBER IDENTIFIER
control field DO-SdBNP
005 - DATE AND TIME OF LATEST TRANSACTION
control field 20170120104307.0
008 - FIXED-LENGTH DATA ELEMENTS--GENERAL INFORMATION
fixed length control field 170120b 1996 ck| |||| 00| 0 spa d
020 ## - INTERNATIONAL STANDARD BOOK NUMBER
International Standard Book Number 9590800114
040 ## - CATALOGING SOURCE
Original cataloging agency BPMSU
Language of cataloging spa
Transcribing agency BPMSU
100 ## - MAIN ENTRY--PERSONAL NAME
Personal name Blanco Escandel, Julio
245 ## - TITLE STATEMENT
Title Dafne alcanza un sueño /
Statement of responsibility, etc. Julio Blanco Escandel ; edición Dolores Blanco Arrastía ; ilustraciones Rita Gutiérrez Varela
260 ## - PUBLICATION, DISTRIBUTION, ETC. (IMPRINT)
Place of publication, distribution, etc. La Habana :
Name of publisher, distributor, etc. Gente Nueva,
Date of publication, distribution, etc. 1996
300 ## - PHYSICAL DESCRIPTION
Extent 19 p. :
Other physical details il.;
Dimensions 16 cm.
700 ## - ADDED ENTRY--PERSONAL NAME
Personal name Blanco Arrastía, Dolores
Relator term ed.
700 ## - ADDED ENTRY--PERSONAL NAME
Personal name Gutiérrez Valera, Rita
Relator term ils.
942 ## - ADDED ENTRY ELEMENTS (KOHA)
Source of classification or shelving scheme Dewey Decimal Classification
Koha item type Libros
956 ## - LOCAL ELECTRONIC LOCATION AND ACCESS (OCLC)
Host name VMATEO
Access number 10
Compression information 20170120
Path BPMSU
Electronic name 0069
Existencias
Withdrawn status Lost status Source of classification or shelving scheme Damaged status Not for loan Collection code Home library Current library Date acquired Source of acquisition Total Checkouts Barcode Date last seen Price effective from Koha item type
    Dewey Decimal Classification     Colección Infantil General Biblioteca Pública Metropolitana Salomé Ureña Biblioteca Pública Metropolitana Salomé Ureña 01/20/2017 Compra   BPMET17010744 01/20/2017 01/20/2017 Libros